000 00595cam a2200241ua 4500
020 _a0-85226-756-8
_c175.00
041 _aeng
_h
082 _a519.3
_bRAO/OP
100 _aRao, S S .
245 _aOptimization: Theory and application /
_cS S Rao.
_hTextual Documents
250 _a2 /
_b.
260 _aNew Delhi :
_bNew Age International Ltd ,
_c1984.
300 _a747 ; .
365 _a175.00
500 _a*CSS
504 _a
942 _cBK
999 _c10500
_d10500